00565cam a22001457a 4500008004000000082001500040100001800055245009900073260005000172300001000222650004400232650003800276999001900314952008600333180718b1980 xxu||||| |||| 00| 0 eng d aU6x54 V919 aVirmani, M.R. aProfitability, accountability and social responsibility of public enterprisescby M.R. Virmani aDelhibCentre for Public Sector Studiesc1980 a214p. aGovernment business enterprises - India aPublic sector enterprises - India c356045d356045 00104070aIIPAbIIPAd1993-12-30oU6x54 V919p56415r2018-07-21w2018-07-21yBK